| 000 | 01612nam a2200289Ia 4500 | ||
|---|---|---|---|
| 001 | K0357 | ||
| 003 | IT-RoPAU | ||
| 008 | 130308s9999 xx 000 0 und d | ||
| 040 | _aIT-RoPAU | ||
| 040 | _cIT-RoPAU | ||
| 041 | _aITALIANO | ||
| 100 | _aChierici Umberto | ||
| 100 | _gCodice Aut. SPICS: 60136 | ||
| 245 | _aTorino il palazzo Reale | ||
| 245 | _bTorino Il palazzo Reale | ||
| 250 | _a1a ed. | ||
| 260 | _a toRINO | ||
| 260 | _bEdizioni D'Arte Fratelli Pozzo | ||
| 260 | _c1969 [1° Ed.:1969 - Ed.Ling.Originale:1969] | ||
| 300 | _a"120 p. (prefazione: 14; testo: 106 [pagine: 0-0])" | ||
| 500 | _a"Presentazione del palazzo Reale con 100 Illustrazioni a Colori e in bianco e Nero di Autori Vari: C. Francesco Beaumont; manifattura Gobelins; Sebastiano Ricci; manifattura di Beauvais; Giovanni Miel; Francesco Novaro; Pelagio Pelagi; Filippo Juvarra; Pietro Piffetti; Luigi Prinotto; Francesco Ladatte; Giuseppe Maria Bonzanigo; Domenico Dupra'; Nicolo' Renieri; Carlo Antonio Grue; Filippo De Maecht; Francesco De Mura; C. Andrea Van Loo; Pierre Gobert; Giuseppe Nogari; Carlo Maratta; Lorenzo Bonicelli; Maria Giovanna Clementi; Sebastiano Ricci; Ignazio Collino; Carlo Giuseppe Plura; Cristiano Wehrlin; Domenico Olivero; Anna Caterina Gili. " | ||
| 650 | _aSAGGI SULLE ARTI VISIVE | ||
| 650 | _eCodice materia Spics: 5011 | ||
| 942 | _cBK | ||
| 957 | _71 | ||
| 999 |
_c77157 _d77157 |
||
| 999 | _g1 | ||